[Event "Prague Golden Blitz op 19th"]
[Site "Prague"]
[Date "2024.06.27"]
[Round "11"]
[White "Misterek, Mikolaj"]
[Black "Cervenka, Petr"]
[Result "0-1"]
[WhiteElo "1538"]
[BlackElo "1700"]
[PlyCount "56"]
[EventDate "2024.06.27"]
[EventType "swiss (blitz)"]
[EventRounds "11"]
[EventCountry "CZE"]
[SourceTitle "EXT 2025"]
[Source "ChessBase"]
[SourceDate "2024.10.14"]
[SourceVersion "1"]
[SourceVersionDate "2024.10.14"]
[SourceQuality "1"]

1. d4 e6 2. c4 f5 3. g3 Nf6 4. Nf3 Be7 5. Bg2 d6 6. 0-0 0-0 7. Nc3 Nc6 8. d5 exd5 9. cxd5 Ne5 10. Bf4 Nxf3+ 11. Bxf3 h6 12. h4 Ng4 13. e4 g5 14. hxg5 hxg5 15. Bd2 Ne5 16. Be2 Kg7 17. exf5 Bxf5 18. f4 Ng6 19. fxg5 Bh3 20. Rxf8 Qxf8 21. Ne4 Qf5 22. Bc3+ Kf7 23. Qd3 Ne5 24. Bxe5 Qxe5 25. Bf1 Bf5 26. Re1 Kg6 27. Bg2 Bxg5 28. Rf1 Re8 0-1

[Event "Prague Golden Blitz op 19th"]
[Site "Prague"]
[Date "2024.06.27"]
[Round "8"]
[White "Misterek, Mikolaj"]
[Black "Strnadova, Monika"]
[Result "1-0"]
[WhiteElo "1538"]
[BlackElo "1877"]
[PlyCount "59"]
[EventDate "2024.06.27"]
[EventType "swiss (blitz)"]
[EventRounds "11"]
[EventCountry "CZE"]
[SourceTitle "EXT 2025"]
[Source "ChessBase"]
[SourceDate "2024.10.14"]
[SourceVersion "1"]
[SourceVersionDate "2024.10.14"]
[SourceQuality "1"]

1. b3 d5 2. Bb2 Nf6 3. e3 Bf5 4. Nf3 Nc6 5. c4 dxc4 6. Bxc4 e6 7. 0-0 Bd6 8. d4 0-0 9. Nc3 Bg4 10. h3 Bh5 11. Rc1 e5 12. dxe5 Nxe5 13. Be2 Nxf3+ 14. Bxf3 Bxf3 15. Qxf3 Re8 16. Qxb7 Qd7 17. Rfd1 Qf5 18. Nb5 Ne4 19. f3 Ng3 20. Kf2 Qe5 21. Bxe5 Bxe5 22. Nxc7 Rab8 23. Qxa7 Nf5 24. Nxe8 Bg3+ 25. Kf1 Rxe8 26. e4 Bb8 27. Qxb8 Rxb8 28. exf5 Ra8 29. a4 h6 30. Rc4 1-0

[Event "Prague Golden Blitz op 19th"]
[Site "Prague"]
[Date "2024.06.27"]
[Round "9"]
[White "Nguyen, Quyet Thang"]
[Black "Misterek, Mikolaj"]
[Result "1-0"]
[WhiteElo "1653"]
[BlackElo "1538"]
[PlyCount "73"]
[EventDate "2024.06.27"]
[EventType "swiss (blitz)"]
[EventRounds "11"]
[EventCountry "CZE"]
[SourceTitle "EXT 2025"]
[Source "ChessBase"]
[SourceDate "2024.10.14"]
[SourceVersion "1"]
[SourceVersionDate "2024.10.14"]
[SourceQuality "1"]

1. d4 Nf6 2. Nf3 g6 3. c3 d5 4. e3 c5 5. c4 Bg7 6. cxd5 Nxd5 7. Bc4 Nb6 8. Qb3 Nxc4 9. Qxc4 cxd4 10. exd4 Nc6 11. Be3 Be6 12. Qc3 0-0 13. 0-0 Bg4 14. Nbd2 Rc8 15. Qd3 Bf5 16. Qe2 Nxd4 17. Nxd4 Bxd4 18. Bxd4 Qxd4 19. Nf3 Qe4 20. Qb5 Qc6 21. Qb3 Be6 22. Qe3 a6 23. Nd4 Qd7 24. Nxe6 Qxe6 25. Qxe6 fxe6 26. Rfe1 Rc6 27. Rad1 Rf6 28. Rd7 Rb6 29. b3 Kf7 30. f3 a5 31. Re3 h5 32. Kf2 Rf5 33. Rc3 Rd5 34. Rdc7 Rd2+ 35. Kg3 Rxa2 36. Rd3 Rd6 37. Rxd6 1-0